000 004580000a22001930004500
003 LK-CoMWRAF
005 20231019121304.0
008 230817t ||||| |||| 00| 0 eng d
020 _a0385504209
040 _aLK-CoMWRAF
_dLK-CoMWRAF
_eLK-CoMWRAF
041 _aeng
082 _a823
_bBRO
100 _aBrown, Dan
245 _aThe Da vinci code
260 _aNew York :
_bDouble day,
_c2003
300 _a489p
650 _aEnglish Fiction
942 _cBK
999 _c764
_d764